| 000 | 00000nam 2200000zi 4500 |
| 001 | 9.937028 |
| 003 | CaOODSP |
| 005 | 20250430085856 |
| 006 | m o d f |
| 007 | cr cn||||||||| |
| 008 | 240418t20232023oncbd o f000 0 eng d |
| 020 | |a9780660714486 |
| 040 | |aCaOODSP|beng|erda|cCaOODSP |
| 043 | |an-cn--- |
| 086 | 1 |aM154-177/2024E-PDF |
| 245 | 00|a2023 Canadian Bioheat Database : |bcommunity, commercial and institutional bioheat installations in Canada. |
| 264 | 1|a[Ottawa] : |bNatural Resources Canada = Ressources naturelles Canada, |c2023. |
| 264 | 4|c©2023 |
| 300 | |a1 online resource (ii, 19 pages) : |bmap, graphs |
| 336 | |atext|btxt|2rdacontent |
| 337 | |acomputer|bc|2rdamedia |
| 338 | |aonline resource|bcr|2rdacarrier |
| 500 | |aCover title. |
| 500 | |aIssued also in French under title: Base de données canadienne sur la biothermie 2023 : installations biothermiques communautaires, commerciales et institutionnelles au Canada. |
| 650 | 0|aBiomass energy|zCanada. |
| 650 | 0|aBiomass energy|zCanada|xDatabases. |
| 710 | 1 |aCanada. |bNatural Resources Canada, |eissuing body. |
| 775 | 08|tBase de données canadienne sur la biothermie 2023 : |w(CaOODSP)9.936751 |
| 856 | 40|qPDF|s1.05 MB|uhttps://publications.gc.ca/collections/collection_2025/rncan-nrcan/M154-177-2024-eng.pdf |